Filme erraten - Bildausschnitte - Statistiken

Allgemein
  • Dieses Quiz wurde 1.998 mal gespielt
  • Das Durchschnittsergebnis liegt bei 11 aus 15
Antwortstatistiken
Bildquiz Antwort % Korrekt
Barbie
98%
Titanic
98%
Harry Potter 4
96%
Ice Age
96%
Herr der Ringe
95%
Monster AG
90%
Jumanji
84%
Es/It
83%
Interstellar
76%
The Nun 2
71%
Pulp Fiction
59%
Inception
45%
Rango
43%
der kleine Lord
42%
Tron
41%
Keine übereinstimmenden Quizze gefunden
Verteilung der Resultate
Anzahl Personen mit jedem Resultat
Perzentil nach korrekt beantworteten Fragen
Ihre Resultats-Entwicklung
Sie haben dieses Quiz noch nicht gespielt